[Event "Cote d'Ivoire Blitz 2019"]
[Site "Abidjan CIV"]
[Date "2019.05.11"]
[Round "7"]
[White "Karjakin, Sergey"]
[Black "Amin, Bassem"]
[Result "1-0"]
[WhiteElo "2752"]
[BlackElo "2704"]
[PlyCount "193"]
[EventDate "2019.05.11"]

1. b3 d5 2. Bb2 Bg4 3. h3 Bh5 4. g3 c6 5. Bg2 Nd7 6. c4 e6 7. Nf3 Ngf6 8. O-O
Bd6 9. d3 Qe7 10. a3 O-O 11. Nbd2 a5 12. Nh4 Rfd8 13. Re1 b5 14. Qc2 bxc4 15.
bxc4 Rab8 16. Bc3 Bxa3 17. g4 Bg6 18. Nxg6 hxg6 19. Bxa5 Rdc8 20. Reb1 Bd6 21.
Rxb8 Rxb8 22. Rb1 Bb4 23. Qa4 Bxa5 24. Rxb8+ Nxb8 25. Qxa5 Qd6 26. Nf3 Nbd7 27.
Qa6 dxc4 28. Qxc4 c5 29. Qa4 Nd5 30. Ng5 Nc3 31. Qa8+ Qf8 32. Kf1 Qxa8 33. Bxa8
Kf8 34. Ke1 Ke7 35. Kd2 Nd5 36. e3 f6 37. Ne4 Nb4 38. Kc3 Nd5+ 39. Kd2 Nb4 40.
Nc3 Nb6 41. Bg2 g5 42. Bf1 Nc6 43. Ne4 Nd7 44. Be2 Nce5 45. Kc3 Kd8 46. Bd1 Kc7
47. Bb3 Nf3 48. Bxe6 Nf8 49. Bd5 Ng1 50. Nxc5 Kd6 51. Kd4 Nxh3 52. Ne4+ Ke7 53.
Kc3 Nd7 54. d4 g6 55. f3 f5 56. gxf5 gxf5 57. Nc5 Nf6 58. Bb7 g4 59. fxg4 Nxg4
60. Kd2 Ng5 61. Ke2 Nf7 62. Bf3 Nf6 63. Nd3 Nd6 64. Nf4 Nc4 65. Kd3 Nd6 66. Kc3
Kd7 67. Kb4 Ng4 68. Nd5 Nf7 69. Bxg4 fxg4 70. Nf6+ Ke6 71. Nxg4 Kd5 72. Nf2 Nd6
73. Kc3 Nb5+ 74. Kd3 Ke6 75. Ne4 Nc7 76. Nc5+ Kf5 77. e4+ Kf4 78. Nd7 Ne6 79.
e5 Kf5 80. Nb6 Nf4+ 81. Kc4 Ke4 82. Nc8 Ne6 83. Nd6+ Kf4 84. Kd5 Nc7+ 85. Kc5
Ne6+ 86. Kc4 Nc7 87. Nb5 Ne6 88. Kd5 Ng7 89. Kd6 Ke4 90. e6 Kf5 91. d5 Kf6 92.
Nd4 Ne8+ 93. Kd7 Ng7 94. e7 Ke5 95. d6 Kxd4 96. e8=Q Nxe8 97. Kxe8 1-0

[Event "Cote d'Ivoire Blitz 2019"]
[Site "Abidjan CIV"]
[Date "2019.05.11"]
[Round "8"]
[White "Nakamura, Hikaru"]
[Black "So, Wesley"]
[Result "1-0"]
[WhiteElo "2761"]
[BlackElo "2754"]
[PlyCount "97"]
[EventDate "2019.05.11"]

1. Nf3 d5 2. e3 Nf6 3. c4 e6 4. b3 Be7 5. Bb2 O-O 6. Nc3 c5 7. cxd5 Nxd5 8.
Nxd5 exd5 9. d4 Nc6 10. Be2 cxd4 11. Nxd4 Qa5+ 12. Kf1 Nxd4 13. Bxd4 Bf5 14.
Bd3 Be4 15. Bxe4 dxe4 16. Qg4 Bf6 17. Qxe4 Qa6+ 18. Kg1 Rfe8 19. Qf4 Bxd4 20.
Qxd4 Rad8 21. Qb2 Rd5 22. h4 Red8 23. Rh3 Rd2 24. Qe5 R2d5 25. Qf4 h5 26. Rf3
Qe6 27. Rc1 Rd1+ 28. Rxd1 Rxd1+ 29. Kh2 Rd2 30. Qb8+ Kh7 31. Qxb7 f6 32. Qxa7
Qe5+ 33. Rg3 f5 34. f4 Qa1 35. Qf7 Rd1 36. Qxf5+ Kg8 37. Qe6+ Kh7 38. Qg6+ Kg8
39. Qe8+ Kh7 40. Qxh5+ Kg8 41. Rf3 Rh1+ 42. Kg3 Qe1+ 43. Kg4 Qe2 44. g3 Rf1 45.
Qd5+ Kh7 46. b4 Rg1 47. b5 Qg2 48. b6 Rh1 49. b7 1-0

[Event "Cote d'Ivoire Blitz 2019"]
[Site "Abidjan CIV"]
[Date "2019.05.11"]
[Round "8"]
[White "Wei, Yi"]
[Black "Carlsen, Magnus"]
[Result "1/2-1/2"]
[WhiteElo "2736"]
[BlackElo "2861"]
[PlyCount "89"]
[EventDate "2019.05.11"]

1. e4 c5 2. Nf3 Nc6 3. c3 Nf6 4. e5 Nd5 5. d4 cxd4 6. cxd4 d6 7. Bc4 e6 8. O-O
Be7 9. exd6 Qxd6 10. Nc3 O-O 11. Re1 Rd8 12. a3 Nb6 13. Ba2 Nxd4 14. Ne4 Nxf3+
15. Qxf3 Qe5 16. Bd2 Bd7 17. Bc3 Qf5 18. Qg3 Qg6 19. Qh3 Bc6 20. Bb1 f5 21. Ng3
Nd5 22. Be5 Bf6 23. Ba2 Kh8 24. Nh5 Bxe5 25. Rxe5 Qh6 26. Rae1 Rd6 27. b4 Rad8
28. Bb3 Qg5 29. g3 g6 30. Bxd5 Bxd5 31. Nf4 Bc4 32. Nxe6 Bxe6 33. Rxe6 Rxe6 34.
Rxe6 Qc1+ 35. Kg2 Qc4 36. Re1 Qc6+ 37. Kg1 Re8 38. Qf1 Rxe1 39. Qxe1 a6 40.
Qe5+ Kg8 41. Qe7 b5 42. h4 Qc1+ 43. Kg2 Qxa3 44. Qe8+ Kg7 45. Qe7+ 1/2-1/2

[Event "Cote d'Ivoire Blitz 2019"]
[Site "Abidjan CIV"]
[Date "2019.05.11"]
[Round "8"]
[White "Vachier-Lagrave, Maxime"]
[Black "Karjakin, Sergey"]
[Result "1/2-1/2"]
[WhiteElo "2780"]
[BlackElo "2752"]
[PlyCount "147"]
[EventDate "2019.05.11"]

1. c4 Nf6 2. Nc3 e5 3. Nf3 Nc6 4. g3 Bb4 5. Bg2 O-O 6. O-O d6 7. d3 h6 8. h3 a6
9. Na4 Re8 10. Be3 d5 11. cxd5 Nxd5 12. Bc5 Bxc5 13. Nxc5 b6 14. Ne4 Be6 15.
Rc1 Qd7 16. a3 Rad8 17. Kh2 a5 18. Qa4 Nd4 19. Qxd7 Nxf3+ 20. Bxf3 Rxd7 21. Nd2
Ne7 22. b4 axb4 23. axb4 Bd5 24. b5 Bxf3 25. Nxf3 f6 26. Rc4 Nf5 27. Rfc1 Ree7
28. Rb4 Re8 29. Rbc4 Ree7 30. Ra1 Rd5 31. Rb4 Nd6 32. Rab1 e4 33. dxe4 Nxe4 34.
Kg2 Nc3 35. R1b3 Nxe2 36. Rc4 Red7 37. Rbb4 Rd3 38. Rc2 Nd4 39. Nxd4 R3xd4 40.
Rxd4 Rxd4 41. Rxc7 Rd5 42. Rb7 Rxb5 43. g4 Kh7 44. h4 h5 45. gxh5 Kh6 46. Kg3
Rb1 47. Kg4 b5 48. Rb8 Kh7 49. f4 b4 50. Kf5 b3 51. h6 b2 52. hxg7 Kxg7 53. h5
Rh1 54. Rb7+ Kf8 55. Rxb2 Rxh5+ 56. Kg6 Ra5 57. f5 Ra1 58. Rb6 Rg1+ 59. Kxf6
Kg8 60. Ke7 Re1+ 61. Re6 Ra1 62. Rg6+ Kh7 63. Rd6 Ra7+ 64. Rd7 Ra8 65. Kf6+ Kh6
66. Kf7 Rb8 67. f6 Ra8 68. Rb7 Kh7 69. Ke6+ Kg6 70. f7 Kg7 71. Ke7 Rf8 72. Rd7
Rxf7+ 73. Ke6 Rxd7 74. Kxd7 1/2-1/2

[Event "Cote d'Ivoire Blitz 2019"]
[Site "Abidjan CIV"]
[Date "2019.05.11"]
[Round "8"]
[White "Amin, Bassem"]
[Black "Nepomniachtchi, Ian"]
[Result "0-1"]
[WhiteElo "2704"]
[BlackElo "2773"]
[PlyCount "116"]
[EventDate "2019.05.11"]

1. e4 e5 2. Nf3 Nc6 3. Bc4 Nf6 4. d3 Be7 5. O-O O-O 6. h3 d6 7. a4 a5 8. Re1
Be6 9. Na3 d5 10. exd5 Bxd5 11. Bxd5 Qxd5 12. Nb5 Rac8 13. Bg5 h6 14. Bxf6 Bxf6
15. Qe2 Rfe8 16. Qe4 Qd7 17. c3 g6 18. Rad1 Bg7 19. Qg4 Rcd8 20. Qxd7 Rxd7 21.
d4 Red8 22. d5 Rxd5 23. Rxd5 Rxd5 24. Nxc7 Rd7 25. Nb5 f5 26. Re2 Rd1+ 27. Re1
Rd8 28. Kf1 e4 29. Ng1 Ne5 30. f3 Nc4 31. fxe4 fxe4 32. b4 b6 33. bxa5 bxa5 34.
Ne2 Rd2 35. Nf4 Ra2 36. Kg1 e3 37. Nxg6 Bf6 38. Nf4 Bh4 39. Re2 Rxa4 40. Kh2
Ra1 41. g3 Bg5 42. Nd5 Rd1 43. Nd4 Rd2 44. h4 Bd8 45. Kg2 Bb6 46. Kf3 Bxd4 47.
cxd4 a4 48. Nc3 a3 49. Rxd2 exd2 50. Ke2 h5 51. Kd1 Kf7 52. Kc2 Ke6 53. Kd1 Kf5
54. Ke2 Kg4 55. Kd1 Kxg3 56. d5 Kxh4 57. d6 Nxd6 58. Kxd2 Ne4+ 0-1

[Event "Cote d'Ivoire Blitz 2019"]
[Site "Abidjan CIV"]
[Date "2019.05.11"]
[Round "9"]
[White "Carlsen, Magnus"]
[Black "Nakamura, Hikaru"]
[Result "1/2-1/2"]
[WhiteElo "2861"]
[BlackElo "2761"]
[PlyCount "90"]
[EventDate "2019.05.11"]

1. e4 e5 2. Nf3 Nc6 3. Nc3 Nf6 4. d4 exd4 5. Nxd4 Bb4 6. Nxc6 bxc6 7. Bd3 O-O
8. O-O d5 9. exd5 Bg4 10. Be2 Bxe2 11. Nxe2 cxd5 12. Bg5 Be7 13. Nd4 Qd7 14.
Qd3 Rfe8 15. Rad1 Ne4 16. Bxe7 Rxe7 17. c4 Rae8 18. cxd5 Qxd5 19. Qb5 Qxb5 20.
Nxb5 a6 21. Nd4 g6 22. f3 Nd6 23. Rf2 Nb5 24. Nc2 h5 25. Rfd2 Kg7 26. Nb4 Re6
27. a4 Na7 28. Nd5 Rc6 29. Kf2 Rb8 30. Re1 Rd6 31. Red1 Rbd8 32. Ke1 Re8+ 33.
Re2 Red8 34. Ne3 Nc6 35. Rxd6 Rxd6 36. Rd2 Re6 37. Kf2 Ne5 38. b3 Rb6 39. f4
Nc6 40. Rd3 Na5 41. Nd5 Rxb3 42. Rxb3 Nxb3 43. Nxc7 Nc5 44. a5 Nb7 45. Nxa6
Nxa5 1/2-1/2

[Event "Cote d'Ivoire Blitz 2019"]
[Site "Abidjan CIV"]
[Date "2019.05.11"]
[Round "9"]
[White "So, Wesley"]
[Black "Amin, Bassem"]
[Result "1/2-1/2"]
[WhiteElo "2754"]
[BlackElo "2704"]
[PlyCount "79"]
[EventDate "2019.05.11"]

1. e4 e5 2. Nf3 Nc6 3. Bb5 a6 4. Ba4 Nf6 5. O-O Be7 6. Re1 b5 7. Bb3 d6 8. c3
O-O 9. h3 Nb8 10. d4 Nbd7 11. Nbd2 Bb7 12. Bc2 Re8 13. a4 Bf8 14. Bd3 b4 15.
Qc2 d5 16. dxe5 Nxe5 17. Nxe5 Rxe5 18. Nf3 Rxe4 19. Bxe4 dxe4 20. Nd4 Qd5 21.
Be3 c5 22. Nb3 c4 23. Nd4 b3 24. Qe2 Nd7 25. Rad1 Ne5 26. Nxb3 Nd3 27. Nc1 Bc6
28. b3 cxb3 29. c4 Qxc4 30. Nxd3 exd3 31. Qxd3 Qxd3 32. Rxd3 Bxa4 33. Rb1 Rb8
34. Bf4 Rb4 35. Bd6 Rb6 36. Bxf8 Kxf8 37. Rd4 Bc6 38. Rd3 Ba4 39. Rd4 Bc6 40.
Rd3 1/2-1/2

[Event "Cote d'Ivoire Blitz 2019"]
[Site "Abidjan CIV"]
[Date "2019.05.11"]
[Round "9"]
[White "Nepomniachtchi, Ian"]
[Black "Vachier-Lagrave, Maxime"]
[Result "1/2-1/2"]
[WhiteElo "2773"]
[BlackElo "2780"]
[PlyCount "142"]
[EventDate "2019.05.11"]

1. e4 c5 2. Nf3 d6 3. d4 cxd4 4. Nxd4 Nf6 5. Nc3 a6 6. g3 e5 7. Nb3 Be7 8. Bg2
O-O 9. O-O b5 10. a4 b4 11. Nd5 Nxd5 12. Qxd5 Ra7 13. Be3 Be6 14. Qd3 Rb7 15.
Rfc1 Qc7 16. a5 Nd7 17. Bf1 Ra8 18. Nd2 Nc5 19. Bxc5 dxc5 20. Nc4 Rd8 21. Qe3
Rd4 22. Nb6 c4 23. c3 bxc3 24. Qxc3 Rxe4 25. Bxc4 Bxc4 26. Nxc4 Rb5 27. b3 g6
28. Qf3 Qb7 29. Nd2 Rd4 30. Qe3 Kg7 31. Rc2 h6 32. Re1 Bg5 33. Qe2 Bxd2 34.
Rxd2 Rxa5 35. Rxd4 exd4 36. Rd1 Rd5 37. Qc4 Kh7 38. b4 Rb5 39. Qxd4 Rxb4 40.
Qa1 Qb6 41. Qa2 Qf6 42. Rd2 Kg7 43. h4 h5 44. Kh2 Rb5 45. Qc2 Rf5 46. Kg1 a5
47. Qa4 Qc3 48. Ra2 Qe1+ 49. Kg2 Qb4 50. Qd1 Qe4+ 51. Kh2 Rd5 52. Qa1+ Qe5 53.
Qc1 Qf6 54. Qe1 Rf5 55. Kg1 Qe5 56. Qd2 Kh7 57. Ra3 Qd5 58. Rd3 Qc5 59. Rd8 Qe5
60. Ra8 Qc7 61. Qb2 Qe5 62. Qd2 Qa1+ 63. Kh2 a4 64. Kg2 a3 65. Qe3 Qb2 66. Rxa3
Rxf2+ 67. Qxf2 Qxa3 68. Qxf7+ Kh6 69. Qf4+ Kh7 70. Qc7+ Kh6 71. Qe5 Kh7 1/2-1/2

[Event "Cote d'Ivoire Blitz 2019"]
[Site "Abidjan CIV"]
[Date "2019.05.11"]
[Round "9"]
[White "Topalov, Veselin"]
[Black "Wei, Yi"]
[Result "0-1"]
[WhiteElo "2740"]
[BlackElo "2736"]
[PlyCount "94"]
[EventDate "2019.05.11"]

1. c4 c5 2. g3 g6 3. Bg2 Bg7 4. Nc3 Nc6 5. b3 d6 6. Bb2 e5 7. e3 Nge7 8. Nge2
O-O 9. d3 a6 10. Qd2 Rb8 11. O-O b5 12. Nd5 Be6 13. Rae1 Qd7 14. f4 f5 15. Nec3
Kh8 16. Nxe7 Nxe7 17. Nd5 Rbe8 18. Qa5 Nc6 19. Qd2 Ne7 20. Kh1 Nxd5 21. cxd5
Bg8 22. e4 exf4 23. gxf4 fxe4 24. dxe4 Bxb2 25. Qxb2+ Qg7 26. Qd2 g5 27. fxg5
Re5 28. h4 h6 29. gxh6 Rxf1+ 30. Rxf1 Qg6 31. Qf4 Rh5 32. Qf6+ Kh7 33. Qe7+ Kh8
34. e5 Qxh6 35. Qf6+ Qxf6 36. Rxf6 dxe5 37. d6 Rxh4+ 38. Kg1 Rd4 39. Rf5 c4 40.
bxc4 Bxc4 41. Rxe5 Rxd6 42. a3 Rd1+ 43. Kf2 Rd2+ 44. Kg1 Rd3 45. Re8+ Kg7 46.
Re7+ Kf6 47. Ra7 Rxa3 0-1

[Event "Cote d'Ivoire Blitz 2019"]
[Site "Abidjan CIV"]
[Date "2019.05.11"]
[Round "9"]
[White "Karjakin, Sergey"]
[Black "Ding, Liren"]
[Result "0-1"]
[WhiteElo "2752"]
[BlackElo "2805"]
[PlyCount "82"]
[EventDate "2019.05.11"]

1. e4 e5 2. Nf3 Nc6 3. Bb5 a6 4. Ba4 Nf6 5. d3 b5 6. Bb3 Bc5 7. c3 d6 8. h3 O-O
9. Nbd2 Be6 10. Bxe6 fxe6 11. O-O Nh5 12. b4 Bb6 13. a4 Nf4 14. Nb3 Rb8 15. Kh2
Qf6 16. Ng1 Qg6 17. Bxf4 Rxf4 18. axb5 axb5 19. Nf3 Rbf8 20. Nbd2 Qh5 21. Qb3
R4f6 22. Kh1 g5 23. Nh2 Qe2 24. Ndf3 Qxd3 25. Nxg5 Nd4 26. Qb2 Qe2 27. Ra2 Rxf2
28. Rxf2 Rxf2 29. Qxe2 Nxe2 30. Ra8+ Rf8 31. Rxf8+ Kxf8 32. Ng4 Ke7 33. h4 h5
34. Nh6 Nxc3 35. Ng8+ Kf8 36. Nf6 Be3 37. Nxe6+ Kf7 38. Nd5 Kxe6 39. Nxc3 c6
40. g3 Bd2 41. Na2 c5 0-1

[Event "Cote d'Ivoire Blitz 2019"]
[Site "Abidjan CIV"]
[Date "2019.05.12"]
[Round "10"]
[White "Carlsen, Magnus"]
[Black "Amin, Bassem"]
[Result "1-0"]
[WhiteElo "2861"]
[BlackElo "2704"]
[PlyCount "75"]
[EventDate "2019.05.11"]

1. e4 e5 2. Nf3 Nc6 3. Bb5 a6 4. Ba4 Nf6 5. O-O Be7 6. Re1 b5 7. Bb3 d6 8. c3
O-O 9. h3 Nb8 10. d4 Nbd7 11. Nbd2 Bb7 12. Bc2 Re8 13. Nf1 Bf8 14. Ng3 g6 15.
Bg5 h6 16. Bd2 exd4 17. cxd4 c5 18. d5 Bg7 19. Bf4 Qe7 20. a4 Nb6 21. b3 bxa4
22. bxa4 a5 23. Rb1 Nfd7 24. Qc1 Kh7 25. h4 Ba6 26. h5 Nc4 27. Nf1 Rab8 28.
Rxb8 Rxb8 29. Bd3 Rb4 30. N1h2 Rxa4 31. hxg6+ fxg6 32. e5 Ndxe5 33. Bxg6+ Nxg6
34. Rxe7 Nxe7 35. Qc2+ Ng6 36. Qxa4 Nxf4 37. Qc6 Ne2+ 38. Kh1 1-0

[Event "Cote d'Ivoire Blitz 2019"]
[Site "Abidjan CIV"]
[Date "2019.05.12"]
[Round "10"]
[White "So, Wesley"]
[Black "Vachier-Lagrave, Maxime"]
[Result "1-0"]
[WhiteElo "2754"]
[BlackElo "2780"]
[PlyCount "69"]
[EventDate "2019.05.11"]

1. Nf3 c5 2. c4 Nf6 3. Nc3 d5 4. cxd5 Nxd5 5. e3 Nxc3 6. dxc3 Qc7 7. e4 e6 8.
Be3 Be7 9. Be2 O-O 10. O-O Bd7 11. Qd2 Bc6 12. Bf4 Qa5 13. Qc2 Qa4 14. Qxa4
Bxa4 15. Nd2 Nd7 16. Nc4 b6 17. f3 g5 18. Bg3 f5 19. exf5 exf5 20. Rfe1 f4 21.
Bd1 Bxd1 22. Raxd1 fxg3 23. hxg3 Bf6 24. Rxd7 Rf7 25. Rxf7 Kxf7 26. Nd6+ Kg6
27. Re6 Kg7 28. Ne8+ Kf7 29. Rxf6+ Kxe8 30. Rh6 Rd8 31. Rxh7 Rd2 32. Rxa7 Rxb2
33. g4 c4 34. Kh2 b5 35. Rg7 1-0

[Event "Cote d'Ivoire Blitz 2019"]
[Site "Abidjan CIV"]
[Date "2019.05.12"]
[Round "10"]
[White "Wei, Yi"]
[Black "Nakamura, Hikaru"]
[Result "0-1"]
[WhiteElo "2736"]
[BlackElo "2761"]
[PlyCount "166"]
[EventDate "2019.05.11"]

1. d4 Nf6 2. c4 e6 3. g3 d5 4. Bg2 Be7 5. Nc3 O-O 6. cxd5 exd5 7. Nh3 c6 8. O-O
a5 9. Nf4 Na6 10. f3 c5 11. Be3 c4 12. Kh1 Re8 13. Bf2 Bb4 14. g4 h6 15. h4 Nc7
16. a4 Ra6 17. Qc2 Ne6 18. Nh3 Bxc3 19. bxc3 Nf8 20. Rae1 Rae6 21. h5 Qc7 22.
e3 Bd7 23. Nf4 Rb6 24. Rb1 Rxb1 25. Rxb1 Bc6 26. Kg1 Qd7 27. Qb2 N8h7 28. Qb6
Ra8 29. Nh3 Bxa4 30. Bg3 Bb3 31. Qc5 a4 32. Qa3 Qe6 33. Kf2 Re8 34. Re1 Ng5 35.
Nxg5 hxg5 36. Bd6 Qd7 37. Bc5 Re6 38. Re2 Ne8 39. Re1 Nc7 40. e4 b6 41. Bb4 Na6
42. e5 Nxb4 43. Qxb4 f6 44. exf6 gxf6 45. Rxe6 Qxe6 46. Qb5 Kg7 47. f4 Qxg4 48.
Qe8 gxf4 49. Qe7+ Kh8 50. Qxf6+ Qg7 51. Qd8+ Kh7 52. Bxd5 Qg3+ 53. Ke2 Qd3+ 54.
Kf2 Qg3+ 55. Ke2 Qd3+ 56. Kf2 Qd2+ 57. Kf1 Qc1+ 58. Kf2 Qd2+ 59. Kf1 Qd3+ 60.
Kf2 Qe3+ 61. Kg2 Bc2 62. Qg8+ Kh6 63. Bf3 Qe7 64. Qxc4 a3 65. Qc6+ Kg7 66. Qa8
Bb3 67. h6+ Kxh6 68. Qh8+ Kg6 69. Bh5+ Kf5 70. Bf3 a2 71. Qh5+ Ke6 72. Qe5+ Kd7
73. Bg4+ Ke8 74. Bh5+ Bf7 75. Qb8+ Kd7 76. Qb7+ Ke6 77. Qxb6+ Kf5 78. Qa5+ Ke4
79. Bf3+ Kd3 80. Qa6+ Kd2 81. Kf2 Qe3+ 82. Kg2 Qe1 83. Be4 Qxe4+ 0-1

[Event "Cote d'Ivoire Blitz 2019"]
[Site "Abidjan CIV"]
[Date "2019.05.12"]
[Round "10"]
[White "Nepomniachtchi, Ian"]
[Black "Ding, Liren"]
[Result "1-0"]
[WhiteElo "2773"]
[BlackElo "2805"]
[PlyCount "113"]
[EventDate "2019.05.11"]

1. e4 e5 2. Nf3 Nc6 3. Bb5 a6 4. Ba4 Nf6 5. O-O Be7 6. Re1 b5 7. Bb3 O-O 8. d4
d6 9. c3 Bg4 10. Be3 Bh5 11. h3 exd4 12. cxd4 d5 13. e5 Ne4 14. Nbd2 a5 15. Qb1
Nxd2 16. Nxd2 Nb4 17. f4 a4 18. Bd1 Bxd1 19. Rxd1 c5 20. dxc5 Qc7 21. Rc1 f6
22. e6 d4 23. Bxd4 Qxf4 24. Nf3 Rfd8 25. a3 Rxd4 26. axb4 Rxb4 27. c6 Rc4 28.
Rxc4 Qxc4 29. Qc1 Qxe6 30. Qc2 Rc8 31. Rc1 Bd6 32. Kh1 Bf4 33. Nd4 Qe3 34. Rd1
g6 35. Qc5 Qe4 36. Qxb5 Be5 37. Qb7 Rc7 38. Qa8+ Kf7 39. Qh8 g5 40. Nf3 Bf4 41.
Re1 Qf5 42. Qe8+ Kg7 43. Nd4 Qd3 44. Ne6+ Kh6 45. Qf8+ Kg6 46. Qe8+ Kh6 47.
Nxc7 Qg3 48. Kg1 Bxc7 49. Qe3 Qh2+ 50. Kf2 Kg6 51. Qd3+ Kh6 52. Re7 Bb6+ 53.
Ke2 Qxg2+ 54. Kd1 Qh1+ 55. Kc2 Qxc6+ 56. Kb1 f5 57. Qxf5 1-0

[Event "Cote d'Ivoire Blitz 2019"]
[Site "Abidjan CIV"]
[Date "2019.05.12"]
[Round "10"]
[White "Karjakin, Sergey"]
[Black "Topalov, Veselin"]
[Result "1-0"]
[WhiteElo "2752"]
[BlackElo "2740"]
[PlyCount "35"]
[EventDate "2019.05.11"]

1. e4 e5 2. Nf3 Nc6 3. Bb5 Nf6 4. O-O Nxe4 5. Re1 Nd6 6. Nxe5 Be7 7. Bf1 Nxe5
8. Rxe5 O-O 9. d4 Bf6 10. Bd3 Bxe5 11. dxe5 Ne8 12. Nc3 d6 13. Qh5 g6 14. Qh6
dxe5 15. Bg5 Qd7 16. Ne4 f6 17. Bc4+ Rf7 18. Nxf6+ 1-0

[Event "Cote d'Ivoire Blitz 2019"]
[Site "Abidjan CIV"]
[Date "2019.05.12"]
[Round "11"]
[White "Vachier-Lagrave, Maxime"]
[Black "Carlsen, Magnus"]
[Result "1-0"]
[WhiteElo "2780"]
[BlackElo "2861"]
[PlyCount "109"]
[EventDate "2019.05.11"]

1. c4 c5 2. Nf3 Nf6 3. Nc3 e6 4. g3 b6 5. Bg2 Bb7 6. O-O Be7 7. b3 O-O 8. Bb2
d6 9. e3 Nbd7 10. Qe2 a6 11. d4 Ne4 12. Rfd1 Nxc3 13. Bxc3 Be4 14. Rac1 Re8 15.
Bh3 Qc7 16. Nd2 Bb7 17. e4 Bf6 18. Nf3 b5 19. cxb5 axb5 20. dxc5 Bxc3 21. Rxc3
b4 22. Rc2 dxc5 23. Qe3 h6 24. Bf1 Ba6 25. Rcd2 Nf6 26. Bxa6 Rxa6 27. Rc1 Rea8
28. Rxc5 Qa7 29. Rdc2 Rxa2 30. Rc8+ Kh7 31. Qxa7 R8xa7 32. Nd2 Ng4 33. Kg2 Ne5
34. f4 Nd3 35. Kf1 Ra1+ 36. Ke2 Rd7 37. Nf3 Rb1 38. Rd2 Rb2 39. Rxb2 Nxb2 40.
Ne5 Rd4 41. Ke3 Rd1 42. Nxf7 Re1+ 43. Kd4 Re2 44. h4 Kg6 45. Ne5+ Kh5 46. Rg8
Rd2+ 47. Ke3 Rc2 48. Rxg7 Rc3+ 49. Ke2 Nd1 50. g4+ Kxh4 51. Kxd1 Kg3 52. f5 Kf4
53. Ng6+ Kxe4 54. f6 Rf3 55. f7 1-0

[Event "Cote d'Ivoire Blitz 2019"]
[Site "Abidjan CIV"]
[Date "2019.05.12"]
[Round "11"]
[White "Ding, Liren"]
[Black "So, Wesley"]
[Result "0-1"]
[WhiteElo "2805"]
[BlackElo "2754"]
[PlyCount "93"]
[EventDate "2019.05.11"]

1. c4 c5 2. g3 g6 3. Bg2 Bg7 4. Nc3 Nc6 5. Nf3 e6 6. d4 cxd4 7. Nb5 d5 8. cxd5
Qa5+ 9. Nd2 exd5 10. Nd6+ Kf8 11. O-O Nge7 12. Nb3 Qb6 13. Nxc8 Rxc8 14. e3 Bf6
15. exd4 Kg7 16. Be3 Rcd8 17. g4 h6 18. f4 Kh7 19. Qd2 Qb4 20. Qf2 Rhe8 21.
Rad1 Qb6 22. Nc5 Qc7 23. Nd3 Bg7 24. f5 Ng8 25. Ne5 Nxe5 26. dxe5 Qxe5 27. Bd4
Qe2 28. f6 Bf8 29. Bxa7 Qxg4 30. h3 Qe6 31. Bd4 h5 32. Rde1 Qd6 33. Rxe8 Rxe8
34. Qf3 Bh6 35. a4 Bg5 36. a5 Nh6 37. Bb6 Re5 38. Qg3 d4 39. b4 h4 40. Qb3 d3
41. Bc5 Be3+ 42. Bxe3 Rxe3 43. b5 Qd4 44. Kh1 d2 45. Qc2 Re1 46. a6 Rxf1+ 47.
Bxf1 0-1

[Event "Cote d'Ivoire Blitz 2019"]
[Site "Abidjan CIV"]
[Date "2019.05.12"]
[Round "11"]
[White "Amin, Bassem"]
[Black "Nakamura, Hikaru"]
[Result "1/2-1/2"]
[WhiteElo "2704"]
[BlackElo "2761"]
[PlyCount "80"]
[EventDate "2019.05.11"]

1. e4 d5 2. exd5 Qxd5 3. Nc3 Qd8 4. d4 Nf6 5. Nf3 g6 6. Bc4 Bg7 7. O-O O-O 8.
Re1 Nc6 9. d5 Na5 10. Bf1 e6 11. dxe6 Bxe6 12. Qxd8 Rfxd8 13. Bf4 Nd5 14. Nxd5
Rxd5 15. c3 c5 16. Ng5 Bf5 17. Rad1 Rxd1 18. Rxd1 h6 19. Nf3 Be6 20. Be5 Bg4
21. Bxg7 Kxg7 22. Be2 Re8 23. Kf1 b6 24. h3 Be6 25. b3 Nc6 26. Bb5 Rc8 27. Rd2
Rc7 28. Rd6 Ne7 29. Ne5 Nd5 30. Bc4 Nxc3 31. Bxe6 fxe6 32. Rxe6 Nxa2 33. Rxg6+
Kh7 34. f4 Nc1 35. Rg3 a5 36. f5 Re7 37. Nc4 Re4 38. Rf3 Nxb3 39. Rxb3 Rxc4 40.
Rxb6 Rf4+ 1/2-1/2

[Event "Cote d'Ivoire Blitz 2019"]
[Site "Abidjan CIV"]
[Date "2019.05.12"]
[Round "11"]
[White "Karjakin, Sergey"]
[Black "Wei, Yi"]
[Result "1-0"]
[WhiteElo "2752"]
[BlackElo "2736"]
[PlyCount "45"]
[EventDate "2019.05.11"]

1. Nf3 d5 2. d4 Nf6 3. Bf4 Bf5 4. e3 e6 5. Bd3 Bxd3 6. Qxd3 c5 7. O-O Nc6 8.
Nbd2 Bd6 9. Bxd6 Qxd6 10. Qa3 b6 11. c4 O-O 12. Rac1 Nb4 13. dxc5 bxc5 14. Rfd1
a5 15. h3 Qb6 16. Ne5 Rfd8 17. Qa4 Qd6 18. Ndf3 Ne4 19. a3 f6 20. cxd5 fxe5 21.
dxe6 Qc6 22. Rxd8+ Rxd8 23. Qxa5 1-0

[Event "Cote d'Ivoire Blitz 2019"]
[Site "Abidjan CIV"]
[Date "2019.05.12"]
[Round "11"]
[White "Topalov, Veselin"]
[Black "Nepomniachtchi, Ian"]
[Result "0-1"]
[WhiteElo "2740"]
[BlackElo "2773"]
[PlyCount "74"]
[EventDate "2019.05.11"]

1. e4 e5 2. Nf3 Nc6 3. Bb5 g6 4. c3 a6 5. Bxc6 dxc6 6. d4 exd4 7. cxd4 Bg7 8.
Nc3 Bg4 9. Qb3 Ne7 10. Be3 O-O 11. O-O-O Qd6 12. Kb1 a5 13. h3 Be6 14. Qc2 a4
15. Ng5 b5 16. Nxe6 Qxe6 17. Rhe1 Rfd8 18. Ne2 b4 19. Nf4 b3 20. Qc5 bxa2+ 21.
Ka1 Qd7 22. Kxa2 Rdb8 23. Qc4 Rb5 24. Nd3 Rab8 25. Re2 Nc8 26. Rc1 Nd6 27. Qxc6
Qe6+ 28. Ka1 a3 29. bxa3 Rb3 30. Rb2 Rxa3+ 31. Kb1 Qa2+ 32. Kc2 Rxb2+ 33. Nxb2
Rb3 34. Rb1 Nc4 35. Qe8+ Bf8 36. Bh6 Na3+ 37. Kd2 Nxb1+ 0-1

[Event "Cote d'Ivoire Blitz 2019"]
[Site "Abidjan CIV"]
[Date "2019.05.12"]
[Round "12"]
[White "Nakamura, Hikaru"]
[Black "Vachier-Lagrave, Maxime"]
[Result "1-0"]
[WhiteElo "2761"]
[BlackElo "2780"]
[PlyCount "78"]
[EventDate "2019.05.11"]

1. e4 c5 2. Nc3 d6 3. Nf3 Nf6 4. h3 g6 5. d4 cxd4 6. Nxd4 Bg7 7. g3 Nc6 8. Be3
O-O 9. Bg2 Nxd4 10. Bxd4 Be6 11. O-O a6 12. Re1 Rc8 13. Nd5 Bxd5 14. exd5 Nd7
15. Bxg7 Kxg7 16. c3 Re8 17. Qd4+ Kg8 18. Re2 Qb6 19. Qh4 Ne5 20. Kh2 Kg7 21.
Rd1 Rc4 22. Qg5 h6 23. Qd2 Rc7 24. Rde1 Qb5 25. f4 Nc4 26. Qd4+ Kg8 27. b3 Nb6
28. c4 Qa5 29. f5 g5 30. f6 Nd7 31. fxe7 Ne5 32. c5 Ng6 33. cxd6 Rd7 34. Qf6
Qb6 35. Rf1 Nh8 36. Re6 fxe6 37. Qf8+ Rxf8 38. exf8=Q+ Kh7 39. Be4+ Ng6 1-0

[Event "Cote d'Ivoire Blitz 2019"]
[Site "Abidjan CIV"]
[Date "2019.05.12"]
[Round "12"]
[White "So, Wesley"]
[Black "Topalov, Veselin"]
[Result "1/2-1/2"]
[WhiteElo "2754"]
[BlackElo "2740"]
[PlyCount "99"]
[EventDate "2019.05.11"]

1. e4 c5 2. Nc3 Nc6 3. Nf3 e5 4. Bc4 Be7 5. d3 Nf6 6. O-O d6 7. Ng5 O-O 8. f4
Bg4 9. Qe1 exf4 10. Rxf4 Bh5 11. Nf3 a6 12. a4 Bxf3 13. Rxf3 Nd4 14. Rf2 Ng4
15. Rf4 Ne5 16. Qd1 Bg5 17. Rf2 Bxc1 18. Qxc1 Qh4 19. Rf4 Qg5 20. Rf2 Qh5 21.
Qf4 b5 22. Bd5 Rab8 23. axb5 axb5 24. Re1 b4 25. Nd1 b3 26. c3 Nxd3 27. Qd2
Nxf2 28. Qxf2 Ne6 29. Ne3 Qg5 30. Rf1 Nc7 31. h4 Qe5 32. Bxf7+ Kh8 33. Nc4 Qe7
34. Qf4 Rbd8 35. e5 dxe5 36. Nxe5 Rd6 37. Qe3 Qd8 38. Bxb3 Rxf1+ 39. Kxf1 Rf6+
40. Kg1 Qf8 41. Kh2 g6 42. Kh3 Qc8+ 43. Kh2 Qf8 44. Kh3 Qc8+ 45. Kh2 Qf5 46.
Qxc5 Qf4+ 47. Kh3 Qf5+ 48. Kh2 Qf4+ 49. Kh3 Qf5+ 50. Kh2 1/2-1/2

[Event "Cote d'Ivoire Blitz 2019"]
[Site "Abidjan CIV"]
[Date "2019.05.12"]
[Round "12"]
[White "Carlsen, Magnus"]
[Black "Ding, Liren"]
[Result "1/2-1/2"]
[WhiteElo "2861"]
[BlackElo "2805"]
[PlyCount "72"]
[EventDate "2019.05.11"]

1. d4 Nf6 2. Nf3 d5 3. Bf4 c5 4. e3 Nc6 5. Be2 cxd4 6. exd4 Bg4 7. c3 e6 8.
Nbd2 Bd6 9. Ne5 Bxe2 10. Qxe2 O-O 11. O-O Qc7 12. Rfe1 Nd7 13. Nxd7 Qxd7 14.
Bxd6 Qxd6 15. Nb3 Rab8 16. Nc1 b5 17. a3 a5 18. b4 Ne7 19. Nb3 a4 20. Nc5 Qc6
21. Rad1 Nf5 22. Rd3 Nd6 23. Rh3 Nc4 24. Qh5 h6 25. Rg3 Kh8 26. f4 Rbe8 27. Nd3
f6 28. Nc5 Re7 29. Qg4 f5 30. Qh5 Qe8 31. Qxe8 Rfxe8 32. Ra1 Kh7 33. h4 g6 34.
Kf2 Nd6 35. Ke2 Ne4 36. Rh3 h5 1/2-1/2

[Event "Cote d'Ivoire Blitz 2019"]
[Site "Abidjan CIV"]
[Date "2019.05.12"]
[Round "12"]
[White "Nepomniachtchi, Ian"]
[Black "Karjakin, Sergey"]
[Result "1/2-1/2"]
[WhiteElo "2773"]
[BlackElo "2752"]
[PlyCount "64"]
[EventDate "2019.05.11"]

1. e4 e5 2. Nf3 Nc6 3. Bb5 Nf6 4. O-O Nxe4 5. Re1 Nd6 6. Nxe5 Be7 7. Bf1 Nxe5
8. Rxe5 O-O 9. d4 Bf6 10. Re1 Re8 11. c3 Rxe1 12. Qxe1 Ne8 13. d5 d6 14. Na3
Bf5 15. Nc4 a5 16. a4 Bd7 17. Be3 g6 18. Qd1 Ng7 19. f3 Nf5 20. Bf2 h5 21. Qb3
b6 22. Na3 Bg5 23. Re1 Bd2 24. Re4 Qg5 25. h4 Qh6 26. Qc4 Rc8 27. Nb5 Be3 28.
Qe2 Bxf2+ 29. Qxf2 Qc1 30. Re1 Qf4 31. Re4 Qc1 32. Re1 Qf4 1/2-1/2